000 00757nam a2200241Ia 4500
003 OSt
005 20220927102934.0
006 a|||||r|||| 00| 0
007 ta
008 220926b |||||||| |||| 00| 0 eng d
024 _a33869
037 _cReference Collections
040 _aRTL
_cRTL
_beng
041 _2eng
_aeng
082 _a"X:75.42.N5t5, J7/GD"
110 _aJapan Economic planning(Agency)
_9351146
245 0 _aNew long-range economic plan of Japan 1958-62
260 _aTokyo
_bEducation Research Institute Japan
_c1957
650 _aEconomics
_9351147
700 _aJapan Economic planning(Agency)
_9351148
942 _h"X:75.42.N5t5, J7/GD"
_cCC
999 _c679371
_d679371